[Event "AUTO-INT-2386"]
[Site "http://www.queenalice.com/game.php?id=1084509"]
[Date "2012.7.19"]
[Round "1"]
[White "maurice91"]
[Black "Wyrmnax"]
[Result "1-0"]
[WhiteElo "1660"]
[BlackElo "1454"]

1. d4 d5 2. c4 dxc4 3. Nc3 f6 4. e4 e5 5. d5 c6 6. Bxc4 Bb4 7. Ne2 Ne7 8. O-O
O-O 9. Be3 Ng6 10. f3 Re8 11. dxc6+ Kf8 12. Qxd8 Rxd8 13. c7 Rd6 14. cxb8=Q Rxb8
15. a3 Ba5 16. Bc5 1-0

[Event "AUTO-INT-2386"]
[Site "http://www.queenalice.com/game.php?id=1084510"]
[Date "2012.7.19"]
[Round "1"]
[White "Wyrmnax"]
[Black "maurice91"]
[Result "0-1"]
[WhiteElo "1416"]
[BlackElo "1793"]

1. e4 c6 2. c4 e5 3. d3 d5 4. cxd5 cxd5 5. exd5 Qxd5 6. Nf3 Bg4 7. Be2 Bd6 8.
Nc3 Qe6 9. Ng5 Bxe2 10. Nxe2 Qe7 11. Nc3 Nf6 12. Nge4 Nbd7 13. Bg5 h6 14. Bh4 g5
15. Bg3 O-O 16. Nxd6 Qxd6 17. Ne4 Nxe4 18. dxe4 Qb4+ 19. Qd2 Qxe4+ 20. Qe2 Qxe2+
21. Kxe2 f5 22. Rhd1 Rad8 23. f4 exf4 24. Bf2 Rfe8+ 25. Kf1 b6 26. Bd4 Nb8 27.
Rac1 Rd7 28. Bc3 Rxd1+ 29. Rxd1 a6 30. Rd6 Kh7 31. Rxb6 g4 32. Rf6 f3 33. gxf3
gxf3 34. Rxf5 Kg6 35. Rxf3 Re6 36. Bd2 Nc6 37. Rh3 h5 38. Rg3+ Kh7 39. Rh3 Kg6
40. Rg3+ Kh7 41. Rg5 Rf6+ 42. Kg2 Rh6 43. Rc5 Rg6+ 44. Kf2 Rf6+ 45. Kg2 Rg6+ 46.
Kh3 Kg7 47. Bc3+ Kh6 48. Bd2+ Kg7 49. Rxh5 Nd4 50. Bc3 Rd6 51. a4 Kg6 52. Kg4
Ne2 53. Rg5+ Kh7 54. Be5 Re6 55. Rg7+ Kh6 56. Kf5 Rxe5+ 57. Kxe5 Kxg7 58. b4 Nc3
59. b5 axb5 60. a5 b4 61. a6 Nb5 62. Kd5 b3 63. Kc4 b2 64. Kxb5 b1=Q+ 65. Ka5
Kf7 66. a7 Qa2+ 67. Kb6 Qf2+ 68. Kb7 Qg2+ 69. Kb8 Qb2+ 70. Kc7 Qxh2+ 71. Kb7
Qh1+ 72. Kc7 Qa8 73. Kb6 Ke7 74. Ka6 Kd7 75. Kb6 Kd6 0-1

[Event "AUTO-INT-2386"]
[Site "http://www.queenalice.com/game.php?id=1084519"]
[Date "2012.7.19"]
[Round "1"]
[White "marcomasa"]
[Black "Wyrmnax"]
[Result "0-1"]
[WhiteElo "1521"]
[BlackElo "1437"]

1. e4 c6 2. Bc4 d5 3. Bb3 dxe4 4. a3 Be6 5. Nc3 Bxb3 6. cxb3 f5 7. Nh3 e6 8. Nf4
Be7 9. Nxe6 Qd7 10. Nxg7+ Kd8 11. b4 Nf6 12. b3 Rg8 13. Nh5 Nxh5 14. Qxh5 Rxg2
15. Qxh7 Na6 16. b5 Nc5 17. Rb1 Nd3+ 18. Kf1 Rxf2+ 19. Kg1 Bc5 20. Qg8+ Qe8 21.
Qxe8+ Kxe8 22. b4 Bd4 23. bxc6 Ke7 24. cxb7 Rg8# 0-1

[Event "AUTO-INT-2386"]
[Site "http://www.queenalice.com/game.php?id=1084520"]
[Date "2012.7.19"]
[Round "1"]
[White "Wyrmnax"]
[Black "marcomasa"]
[Result "1-0"]
[WhiteElo "1456"]
[BlackElo "1484"]

1. g3 e5 2. Bg2 Bc5 3. e3 a6 4. d4 exd4 5. exd4 Ba7 6. c3 Nf6 7. Qe2+ Kf8 8. Bg5
g6 9. Bh6+ Kg8 10. Be4 Nc6 11. Qf3 d6 12. Nh3 Qe7 13. Ng5 Bg4 14. Qf4 Bh5 15.
O-O Nd8 16. Re1 Ne6 17. Nxe6 Qxe6 18. Nd2 c6 19. Nc4 Bb8 20. Bf3 Qf5 21. Bxh5 d5
22. Qg5 Qxg5 23. Bxg5 Nxh5 24. Bh6 Bc7 25. Ne5 Bxe5 26. Rxe5 f6 27. Re7 b5 28.
Rae1 f5 29. Re8+ Kf7 30. R1e7+ Kf6 31. Re6+ Kf7 32. R8e7+ Kg8 33. f3 a5 34. g4
fxg4 35. fxg4 Nf4 36. Bxf4 h5 37. Bg5 hxg4 38. Re8+ Kf7 39. R6e7# 1-0

[Event "Challenge"]
[Site "http://www.queenalice.com/game.php?id=1089025"]
[Date "2012.7.31"]
[Round "-"]
[White "Rogerio11"]
[Black "Wyrmnax"]
[Result "0-1"]
[WhiteElo "1324"]
[BlackElo "1473"]

1. e4 c6 2. Bc4 d5 3. Bb3 Nf6 4. d3 Bg4 5. c4 Bxd1 6. Kxd1 dxe4 7. Bc2 exd3 8.
Ba4 Ne4 9. Ke1 d2+ 10. Nxd2 Nc5 11. Bc2 e6 12. b4 Nd3+ 13. Kd1 Bxb4 14. Rb1 Nxc1
15. Rxc1 Qxd2# 0-1

[Event "AUTO-OPEN-2756"]
[Site "http://www.queenalice.com/game.php?id=1089562"]
[Date "2012.8.2"]
[Round "1"]
[White "Wyrmnax"]
[Black "MestreAylton"]
[Result "0-1"]
[WhiteElo "1483"]
[BlackElo "2075"]

1. d4 Nf6 2. Bf4 d5 3. e3 e6 4. Bb5+ Nbd7 5. Nc3 a6 6. Ba4 b5 7. Bb3 c5 8. a4 c4
9. Ba2 b4 10. Nce2 a5 11. Nf3 Nb6 12. b3 c3 13. Bg5 h6 14. Bh4 Bb7 15. Nf4 Be7
16. Qd3 Ba6 17. Qd1 O-O 0-1

[Event "AUTO-OPEN-2756"]
[Site "http://www.queenalice.com/game.php?id=1089563"]
[Date "2012.8.2"]
[Round "1"]
[White "MestreAylton"]
[Black "Wyrmnax"]
[Result "1-0"]
[WhiteElo "2047"]
[BlackElo "1481"]

1. d4 d5 2. Nf3 Bf5 3. e3 e6 4. c4 b6 5. Nc3 Nf6 6. cxd5 exd5 7. Bd3 g6 8. Bxf5
gxf5 9. Bd2 Nc6 10. a3 Rg8 11. g3 Ne4 12. Qc2 Bd6 13. Nxe4 fxe4 14. Qxc6+ Ke7
15. Nh4 Qc8 16. Qxd5 f6 17. Qxe4+ Kf7 18. Qxh7+ Rg7 19. Qh5+ Kf8 20. Qh8+ Kf7
21. Qxc8 Rxc8 22. Nf5 Rg5 23. e4 Re8 24. Nxd6+ cxd6 25. Bxg5 1-0

[Event "Challenge"]
[Site "http://www.queenalice.com/game.php?id=1093141"]
[Date "2012.8.14"]
[Round "-"]
[White "HerbertPaulo"]
[Black "Wyrmnax"]
[Result "1-0"]
[WhiteElo "2059"]
[BlackElo "1437"]

1. e4 e6 2. d4 d5 3. exd5 exd5 4. Nc3 c6 5. Nf3 Nf6 6. Bd3 Qe7+ 7. Be3 Ne4 8.
O-O Bg4 9. h3 Bh5 10. Re1 Qc7 11. Nxe4 dxe4 12. Bxe4 Nd7 13. Bg6 Bxg6 14. Bf4+
Kd8 15. Bxc7+ Kxc7 16. Ne5 Bb4 17. Nxd7 Kxd7 18. d5 1-0

[Event "Challenge"]
[Site "http://www.queenalice.com/game.php?id=1093142"]
[Date "2012.8.14"]
[Round "-"]
[White "HerbertPaulo"]
[Black "Wyrmnax"]
[Result "1-0"]
[WhiteElo "2049"]
[BlackElo "1420"]

1. e4 c6 2. Nf3 d5 3. exd5 cxd5 4. Be2 e6 5. O-O Bc5 6. d4 Bb6 7. Nc3 Nf6 8. Bg5
h6 9. Bh4 g5 10. Bg3 Ng4 11. h3 Nf6 12. Ne5 Ne4 13. Bh5 Rf8 14. Qf3 Ke7 15. Nxe4
dxe4 16. Qxe4 Bxd4 17. Rad1 Nc6 18. c3 Qb6 19. Nxc6+ bxc6 20. Rxd4 1-0

[Event "AUTO-OPEN-2765"]
[Site "http://www.queenalice.com/game.php?id=1093241"]
[Date "2012.8.15"]
[Round "1"]
[White "Kiwizany"]
[Black "Wyrmnax"]
[Result "1-0"]
[WhiteElo "2417"]
[BlackElo "1410"]

1. e4 c6 2. d4 d5 3. e5 Bf5 4. h4 h5 5. Nf3 e6 6. Bd3 Bxd3 7. Qxd3 g6 8. Bg5
Qa5+ 9. Nbd2 Nh6 10. Bf6 Rg8 11. O-O Nf5 12. Bg5 Bb4 13. Nb3 Qa4 14. a3 Ba5 15.
Nc5 Qb5 16. Qxb5 cxb5 17. Nxb7 Nc6 18. Nxa5 Nxa5 19. c3 Nb3 20. Rad1 a6 21. Ne1
Rc8 22. Nd3 a5 23. f3 Ng3 24. Rfe1 b4 25. axb4 axb4 26. Nxb4 Rb8 27. Kf2 Nf5 28.
Nd3 Na5 29. Ra1 Ra8 30. b4 1-0

[Event "AUTO-OPEN-2765"]
[Site "http://www.queenalice.com/game.php?id=1093242"]
[Date "2012.8.15"]
[Round "1"]
[White "Wyrmnax"]
[Black "Kiwizany"]
[Result "0-1"]
[WhiteElo "1412"]
[BlackElo "2427"]

1. e4 c6 2. d4 d5 3. e5 Bf5 4. Nf3 e6 5. Nc3 Qb6 6. Na4 Qa5+ 7. Bd2 Qxa4 8. b3
Qa3 9. Bc1 Bb4+ 10. Nd2 Qa5 11. Bd3 Bc3 12. Rb1 Qxa2 13. O-O Nh6 14. h3 O-O 15.
g4 Bxd3 16. cxd3 Bxd4 17. Nf3 Qxb1 18. Nxd4 c5 0-1

[Event "AUTO-OPEN-2765"]
[Site "http://www.queenalice.com/game.php?id=1093269"]
[Date "2012.8.15"]
[Round "1"]
[White "Wyrmnax"]
[Black "Matrick"]
[Result "0-1"]
[WhiteElo "1414"]
[BlackElo "2340"]

1. d4 Nf6 2. Bf4 d5 3. e3 c5 4. dxc5 e6 5. Nf3 Bxc5 6. Nc3 O-O 7. Bb5 Qb6 8. Ne5
a6 9. Ba4 Qxb2 10. Ne2 b5 11. Bb3 Bb4+ 12. Kf1 Qa3 13. Nd3 Be7 14. Nc3 Bb7 15.
Nb1 Qa5 16. Be5 Nbd7 17. Nd2 Nxe5 18. Nxe5 Qc3 19. Ndf3 Ne4 20. h4 f6 21. Nd3 e5
22. Nde1 Rfd8 23. Ng5 fxg5 24. hxg5 Bxg5 25. Qh5 Qxa1 26. Qxh7+ Kf8 27. Qf5+ Ke7
28. Qg6 Rf8 29. Qxg7+ Kd6 30. Qxb7 Rxf2+ 31. Kg1 Qxe1+ 32. Kh2 Rh8+ 33. Qh7
Rxh7# 0-1

[Event "AUTO-OPEN-2765"]
[Site "http://www.queenalice.com/game.php?id=1093270"]
[Date "2012.8.15"]
[Round "1"]
[White "Matrick"]
[Black "Wyrmnax"]
[Result "1-0"]
[WhiteElo "2339"]
[BlackElo "1418"]

1. e4 c6 2. Nf3 d5 3. Nc3 Bg4 4. Be2 h5 5. d4 e6 6. h3 Bxf3 7. Bxf3 Bb4 8. O-O
Qb6 9. e5 Nd7 10. Bxh5 g6 11. Bf3 Ne7 12. Na4 Qa5 13. c3 Bc5 14. Nxc5 Nxc5 15.
b4 Qb5 16. bxc5 Nf5 17. Bg5 Qa5 18. Bf6 Rh6 19. Qb3 Qc7 20. a4 b6 21. cxb6 axb6
22. Rfb1 Rb8 23. a5 b5 24. a6 c5 25. a7 Ra8 26. Qxb5+ Kf8 27. Qb8+ 1-0

[Event "AUTO-OPEN-2765"]
[Site "http://www.queenalice.com/game.php?id=1093271"]
[Date "2012.8.15"]
[Round "1"]
[White "Wyrmnax"]
[Black "denisan"]
[Result "0-1"]
[WhiteElo "1442"]
[BlackElo "2183"]

1. g3 g6 2. Bg2 d5 3. c4 dxc4 4. Nc3 c6 5. d3 cxd3 6. exd3 Bf5 7. d4 Nf6 8. Nh3
Bg7 9. O-O h6 10. Re1 Qd7 11. Nf4 g5 12. Nd3 Qxd4 13. Ne2 Qxd3 14. Qxd3 Bxd3 15.
Nc3 Nbd7 16. Be3 Ng4 17. Ne4 Bxb2 18. Rad1 Nde5 19. Nc5 Bc2 20. Rd2 Bc3 21. Rxc2
Bxe1 22. Kf1 Bb4 23. Bf3 Nxh2+ 0-1

[Event "AUTO-OPEN-2765"]
[Site "http://www.queenalice.com/game.php?id=1093272"]
[Date "2012.8.15"]
[Round "1"]
[White "denisan"]
[Black "Wyrmnax"]
[Result "1-0"]
[WhiteElo "2180"]
[BlackElo "1444"]

1. e4 c6 2. d4 d5 3. e5 Bf5 4. h4 e6 5. g4 Bb4+ 6. c3 Bxb1 7. cxb4 Be4 8. f3
Bxf3 9. Nxf3 Nd7 10. Bd2 Nb6 11. b3 Nh6 12. Rg1 f6 13. exf6 Nf7 14. fxg7 Rg8 15.
Qe2 Qc8 16. g5 Rxg7 17. Bh3 Rg6 18. h5 Rg8 19. Bxe6 Qd8 20. Bxf7+ Kxf7 21. Ne5+
Kf8 22. Qf2+ 1-0